Marvel Actors by Picture Quiz! - Statistics

General Stats
  • This quiz has been taken 250 times
    182 since last reset
  • The average score is 31 of 55
Answer Stats
Picture Answer % Correct
Robert Downey Jr.
100%
Tom Holland
100%
Chris Pratt
98%
Stan Lee
96%
Ryan Reynolds
90%
Chris Evans
87%
Michael B. Jordan
87%
Samuel L. Jackson
85%
Chris Hemsworth
84%
Zendaya
84%
Scarlett Johansson
83%
Paul Rudd
82%
Tom Hiddleston
82%
Benedict Cumberbatch
81%
Hugh Jackman
79%
Mark Ruffalo
79%
Andrew Garfield
77%
Emma Stone
77%
Brie Larson
75%
Jennifer Lawrence
74%
Jeremy Renner
74%
Gwyneth Paltrow
62%
Matt Damon
62%
Natalie Portman
62%
Nicolas Cage
61%
Idris Elba
60%
Zoe Saldana
60%
Jeff Goldblum
58%
Tom Hardy
56%
Ben Affleck
50%
Bradley Cooper
48%
Ian McKellen
47%
Ed Norton
45%
Jessica Alba
44%
Patrick Stewart
44%
Peter Dinklage
43%
Halle Berry
41%
James McAvoy
40%
Josh Brolin
40%
Cate Blanchett
38%
Oscar Issac
35%
Jennifer Garner
34%
Michael Fassbender
33%
Rachel McAdams
33%
Robert Redford
30%
Lucy Liu
27%
Sophie Turner
27%
Michelle Williams
25%
James Marsden
24%
James Spader
21%
Alan Cumming
18%
Eric Bana
18%
Rose Byrne
17%
Anna Paquin
15%
Shawn Ashmore
11%
No matching quizzes found
Score Distribution
Percent of People with Each Score
Percentile by Number Answered
Your Score History
You have not taken this quiz since the last reset